[Event "BCF-chT1d 1011 (4NCL) Demotion pool"]
[Site "England"]
[Date "2011.05.01"]
[Round "10.15"]
[White "Shaw, David A"]
[Black "Martin, Andrew D"]
[Result "1/2-1/2"]
[WhiteElo "2244"]
[BlackElo "2406"]
[PlyCount "34"]
[EventDate "2010.11.06"]
[EventType "team-tourn"]
[EventRounds "4"]
[EventCountry "ENG"]
[SourceTitle "EXT 2012"]
[Source "ChessBase"]
[SourceDate "2011.11.24"]
[SourceVersion "1"]
[SourceVersionDate "2011.11.24"]
[SourceQuality "1"]
[WhiteTeam "Oxford"]
[BlackTeam "Hilsmark Kingfisher II"]
[WhiteTeamCountry "ENG"]
[BlackTeamCountry "ENG"]

1. e4 c6 2. d4 d5 3. exd5 cxd5 4. Bd3 Nc6 5. c3 g6 6. Bf4 Bg7 7. Nf3 Nf6 8. Qb3 0-0 9. h3 b6 10. Nbd2 Bb7 11. 0-0 Ne4 12. Rfe1 Nxd2 13. Nxd2 e6 14. Nf3 Qc8 15. Qa3 Re8 16. Ne5 Bf8 17. Qa4 Nxe5 1/2-1/2

[Event "BCF-chT1d 0910 (4NCL) Demotion pool"]
[Site "England"]
[Date "2010.05.03"]
[Round "11.3"]
[White "Shaw, David A"]
[Black "Morris, Charles F"]
[Result "0-1"]
[WhiteElo "2241"]
[BlackElo "2189"]
[PlyCount "42"]
[EventDate "2009.10.24"]
[EventType "team-tourn"]
[EventRounds "4"]
[EventCountry "ENG"]
[SourceTitle "EXT 2011"]
[Source "ChessBase"]
[SourceDate "2010.11.26"]
[SourceVersion "1"]
[SourceVersionDate "2010.11.26"]
[SourceQuality "1"]
[WhiteTeam "Oxford"]
[BlackTeam "South Wales Dragons"]
[WhiteTeamCountry "ENG"]
[BlackTeamCountry "ENG"]

1. e4 e6 2. d4 d5 3. Nc3 Nf6 4. e5 Nfd7 5. f4 c5 6. Nf3 Nc6 7. Be3 cxd4 8. Nxd4 Bc5 9. Qd2 0-0 10. 0-0-0 a6 11. Kb1 Qc7 12. Be2 b5 13. Nxc6 Qxc6 14. Bf3 Nb6 15. Bxc5 Qxc5 16. Rhe1 Bd7 17. f5 Nc4 18. Qg5 h6 19. Qg3 Qb4 20. b3 Qa3 21. bxc4 bxc4 0-1

[Event "Vienna op 16th"]
[Site "Vienna"]
[Date "2009.08.18"]
[Round "4"]
[White "Eisenbeiser, Amadeus"]
[Black "Shaw, David A"]
[Result "1/2-1/2"]
[WhiteElo "2390"]
[BlackElo "2231"]
[PlyCount "69"]
[EventDate "2009.08.15"]
[EventType "swiss"]
[EventRounds "9"]
[EventCountry "AUT"]
[SourceTitle "CBM 131 Extra"]
[Source "ChessBase"]
[SourceDate "2009.09.03"]
[SourceVersion "2"]
[SourceVersionDate "2009.09.16"]
[SourceQuality "1"]

1. e4 e6 2. d4 d5 3. Nd2 Nf6 4. e5 Nfd7 5. Bd3 c5 6. c3 Nc6 7. Ndf3 Qb6 8. Ne2 cxd4 9. cxd4 Bb4+ 10. Kf1 Be7 11. a3 f6 12. exf6 Nxf6 13. Qc2 0-0 14. Be3 Ng4 15. Bxh7+ Kh8 16. Nf4 Nxe3+ 17. fxe3 Rxf4 18. exf4 Nxd4 19. Qg6 Qxb2 20. Re1 Nxf3 21. gxf3 Bd7 22. Qh5 Bc5 23. Re2 Qc1+ 24. Kg2 Qxf4 25. Bf5+ Qh6 26. Qxh6+ gxh6 27. Bxe6 Bc6 28. Ra1 Rf8 29. Rc2 Be3 30. Rf1 Rf6 31. Bg4 Rg6 32. Kh3 Rf6 33. Kg2 Kg7 34. Re1 d4 35. Rce2 1/2-1/2

[Event "BCF-chT2c 0809 (4NCL) Promotion pool"]
[Site "Hinckley Island"]
[Date "2009.05.03"]
[Round "11.6"]
[White "Shaw, David A"]
[Black "Ward, Julian D"]
[Result "1-0"]
[WhiteElo "2228"]
[BlackElo "2190"]
[PlyCount "79"]
[EventDate "2008.10.04"]
[EventType "team-tourn"]
[EventRounds "4"]
[EventCountry "ENG"]
[SourceTitle "EXT 2010"]
[Source "ChessBase"]
[SourceDate "2010.11.25"]
[SourceVersion "1"]
[SourceVersionDate "2010.11.25"]
[SourceQuality "1"]
[WhiteTeam "Oxford"]
[BlackTeam "Kings Head"]
[WhiteTeamCountry "ENG"]
[BlackTeamCountry "ENG"]

1. e4 c5 2. Nf3 e6 3. d4 cxd4 4. Nxd4 Nf6 5. Nc3 d6 6. Be3 a6 7. f3 Be7 8. Qd2 b5 9. 0-0-0 Qc7 10. g4 0-0 11. h4 Nc6 12. Nxc6 Qxc6 13. Ne2 Bb7 14. Nd4 Qc7 15. g5 Nh5 16. Bh3 g6 17. Bg4 e5 18. Ne2 Ng7 19. h5 d5 20. hxg6 fxg6 21. exd5 Rad8 22. Nc3 b4 23. Qh2 h5 24. gxh6 Nf5 25. Bxf5 Rxf5 26. Qg3 Kh7 27. Rhg1 g5 28. Qg4 Bc8 29. Ne4 Qa5 30. Bxg5 Rg8 31. Qh4 Qxa2 32. d6 Bd8 33. d7 Bb7 34. Bxd8 Rxg1 35. Rxg1 Qa1+ 36. Kd2 Qxg1 37. Bb6 Qg2+ 38. Nf2 Qxf3 39. d8Q Bd5 40. Qg4 1-0

[Event "BCF-chT2a 0809 (4NCL)"]
[Site "Hinckley Island"]
[Date "2008.12.06"]
[Round "3.3"]
[White "Cumbers, Paul"]
[Black "Shaw, David A"]
[Result "1-0"]
[WhiteElo "2165"]
[BlackElo "2250"]
[PlyCount "119"]
[EventDate "2008.10.04"]
[EventType "team-tourn"]
[EventRounds "7"]
[EventCountry "ENG"]
[SourceTitle "EXT 2010"]
[Source "ChessBase"]
[SourceDate "2010.11.25"]
[SourceVersion "1"]
[SourceVersionDate "2010.11.25"]
[SourceQuality "1"]
[WhiteTeam "Pandoras Box"]
[BlackTeam "Oxford"]
[WhiteTeamCountry "ENG"]
[BlackTeamCountry "ENG"]

1. d4 e6 2. c4 f5 3. g3 Nf6 4. Bg2 d5 5. Nf3 c6 6. 0-0 Bd6 7. Qc2 0-0 8. Ne5 Qe8 9. Nd2 Qh5 10. Ndf3 Ne4 11. Nd3 g5 12. Nfe5 Nd7 13. f3 Nef6 14. Bd2 Re8 15. b4 Bc7 16. a4 Nxe5 17. Nxe5 Nd7 18. Nd3 Nb6 19. Nb2 Bd7 20. e4 Bd8 21. Qd3 Bf6 22. a5 Nxc4 23. Nxc4 dxc4 24. Qxc4 Qf7 25. Rae1 e5 26. Qxf7+ Kxf7 27. dxe5 Rxe5 28. f4 gxf4 29. Bxf4 Rb5 30. Bd6 Bc3 31. Rb1 Bd4+ 32. Kh1 Ke6 33. Bc5 Bxc5 34. exf5+ Kd6 35. bxc5+ Kxc5 36. g4 Rg8 37. h3 h5 38. Bf3 hxg4 39. hxg4 Bc8 40. a6 b6 41. Rbc1+ Kd4 42. Rxc6 Rb2 43. Rh6 Bxa6 44. Rd1+ Ke3 45. Rh3 Kf4 46. Rd4+ Kg5 47. Rh2 Rxh2+ 48. Kxh2 Rg7 49. Kg3 Bb7 50. Be2 Bc6 51. Rd8 a5 52. Rh8 Bd5 53. Rh5+ Kf6 54. Kf4 Rb7 55. g5+ Kg7 56. f6+ Kg8 57. g6 Bb3 58. g7 Kf7 59. Rh6 Ke8 60. Rh8+ 1-0

[Event "Amantea op-A 6th"]
[Site "Amantea"]
[Date "2008.09.07"]
[Round "9"]
[White "Shaw, David A"]
[Black "Damia, Angelo"]
[Result "0-1"]
[WhiteElo "2269"]
[BlackElo "2247"]
[PlyCount "90"]
[EventDate "2008.08.31"]
[EventType "swiss"]
[EventRounds "9"]
[EventCountry "ITA"]
[SourceTitle "CBM 126 Extra"]
[Source "ChessBase"]
[SourceDate "2008.11.05"]
[SourceVersion "1"]
[SourceVersionDate "2008.11.05"]
[SourceQuality "1"]

1. e4 Nf6 2. e5 Nd5 3. c4 Nb6 4. d4 d6 5. exd6 cxd6 6. Nc3 g6 7. Be3 Bg7 8. Rc1 0-0 9. b3 Bf5 10. Nf3 Bg4 11. Be2 e6 12. 0-0 d5 13. c5 Nc8 14. b4 a6 15. Qb3 Nc6 16. Rfd1 N8e7 17. b5 Na5 18. Qb4 axb5 19. Qxb5 Bxf3 20. Bxf3 Nf5 21. Rb1 Nxe3 22. fxe3 Qg5 23. Qd3 Qd8 24. Rb4 Qg5 25. Re1 Rfd8 26. a4 Bh6 27. Nb5 Nc6 28. Rb2 e5 29. Nd6 e4 30. Bxe4 dxe4 31. Qxe4 Na5 32. h4 Qg3 33. Rf2 Rxd6 34. cxd6 Qxd6 35. Qf3 Rf8 36. g4 Qb4 37. Qd1 Re8 38. g5 Bg7 39. Rfe2 Re4 40. h5 gxh5 41. Rf1 Qe7 42. Rg2 Nc4 43. Qxh5 Nxe3 44. Rc1 Nxg2 45. Rc8+ Bf8 0-1

[Event "Amantea op-A 6th"]
[Site "Amantea"]
[Date "2008.08.31"]
[Round "1"]
[White "Stoja, Rocco"]
[Black "Shaw, David A"]
[Result "0-1"]
[WhiteElo "1899"]
[BlackElo "2269"]
[PlyCount "62"]
[EventDate "2008.08.31"]
[EventType "swiss"]
[EventRounds "9"]
[EventCountry "ITA"]
[SourceTitle "CBM 126 Extra"]
[Source "ChessBase"]
[SourceDate "2008.11.05"]
[SourceVersion "1"]
[SourceVersionDate "2008.11.05"]
[SourceQuality "1"]

1. b3 d5 2. Bb2 c6 3. e3 Nf6 4. f4 Bg4 5. Nf3 Nbd7 6. h3 Bxf3 7. Qxf3 Qc7 8. Be2 e5 9. fxe5 Nxe5 10. Qf5 Ned7 11. 0-0 Bd6 12. d3 0-0-0 13. c4 dxc4 14. bxc4 Rde8 15. Qf3 Qb6 16. Bd4 Bc5 17. Bxc5 Qxc5 18. d4 Qg5 19. Kf2 Ne4+ 20. Ke1 Ng3 21. Kd2 Nxf1+ 22. Bxf1 Re6 23. Nc3 Rhe8 24. Re1 Rf6 25. Qe2 Qg3 26. Nd1 c5 27. Qd3 cxd4 28. Qa3 dxe3+ 29. Rxe3 Rxe3 30. Nxe3 Rxf1 31. Qxa7 Rf2+ 0-1

[Event "BCF-chT2 0708 (4NCL)"]
[Site "Sunningdale"]
[Date "2008.01.12"]
[Round "5.3"]
[White "Shaw, David A"]
[Black "Lock, Gavin R"]
[Result "1-0"]
[WhiteElo "2261"]
[BlackElo "2213"]
[PlyCount "93"]
[EventDate "2007.09.15"]
[EventType "team-tourn"]
[EventRounds "11"]
[EventCountry "ENG"]
[SourceTitle "EXT 2023"]
[Source "ChessBase"]
[SourceDate "2022.10.05"]
[SourceVersion "1"]
[SourceVersionDate "2022.10.05"]
[SourceQuality "1"]
[WhiteTeam "Oxford"]
[BlackTeam "Wessex"]
[WhiteTeamCountry "ENG"]
[BlackTeamCountry "ENG"]

1. e4 e6 2. d4 d5 3. Nc3 Nf6 4. Bg5 Bb4 5. e5 h6 6. Bd2 Bxc3 7. bxc3 Ne4 8. Qg4 g6 9. Bd3 Nxd2 10. Kxd2 c5 11. h4 Nc6 12. Rh3 Bd7 13. Rb1 cxd4 14. cxd4 Qa5+ 15. c3 Qxa2+ 16. Ke1 0-0-0 17. Qd1 f6 18. exf6 e5 19. Re3 e4 20. Bc2 Qa5 21. Ne2 g5 22. Qd2 Rhf8 23. hxg5 hxg5 24. c4 Qxd2+ 25. Kxd2 dxc4 26. Bxe4 Rxf6 27. Rc3 Bf5 28. f3 Bxe4 29. fxe4 Nxd4 30. Rxc4+ Nc6+ 31. Ke3 Kb8 32. Rc5 g4 33. Nf4 Ne7 34. Rg5 Ra6 35. Rg7 Ra3+ 36. Kf2 Rd7 37. Nd5 g3+ 38. Kf1 Rxd5 39. exd5 Nxd5 40. Rgxb7+ Kc8 41. R7b3 Ra2 42. Rxg3 Kd7 43. Rd3 Kc6 44. Rc1+ Kd6 45. Re1 Kc6 46. Re6+ Kd7 47. Re5 1-0

[Event "BCF-chT2 0708 (4NCL)"]
[Site "Sunningdale"]
[Date "2007.11.11"]
[Round "4.3"]
[White "Blackburn, Jonathan LB"]
[Black "Shaw, David A"]
[Result "0-1"]
[WhiteElo "2228"]
[BlackElo "2219"]
[PlyCount "80"]
[EventDate "2007.09.15"]
[EventType "team-tourn"]
[EventRounds "11"]
[EventCountry "ENG"]
[SourceTitle "EXT 2023"]
[Source "ChessBase"]
[SourceDate "2022.10.05"]
[SourceVersion "1"]
[SourceVersionDate "2022.10.05"]
[SourceQuality "1"]
[WhiteTeam "SW Dragons"]
[BlackTeam "Oxford"]
[WhiteTeamCountry "ENG"]
[BlackTeamCountry "ENG"]

1. d4 e6 2. c4 d5 3. Nc3 Nf6 4. Bg5 Nbd7 5. cxd5 exd5 6. e3 c6 7. Bd3 Be7 8. Nge2 0-0 9. Qc2 Re8 10. 0-0 Nf8 11. Rab1 Ng6 12. b4 a6 13. Ng3 Ng4 14. Bxe7 Qxe7 15. Nf5 Qg5 16. h3 Nh6 17. f4 Qh5 18. Nxh6+ Qxh6 19. Rf3 Nh4 20. Rg3 Qf6 21. Qf2 Bf5 22. Bxf5 Nxf5 23. Rf3 Nh4 24. Rg3 Re6 25. Rb3 Rae8 26. Nd1 Nf5 27. Rf3 Nxd4 28. exd4 Re1+ 29. Kh2 Rxd1 30. Rbe3 Re4 31. Qg3 Rdxd4 32. f5 h6 33. Qb8+ Kh7 34. Rxe4 Rxe4 35. Qxb7 Qe5+ 36. Kg1 Re1+ 37. Kf2 Qe2+ 38. Kg3 Rg1 39. Rf2 Qe3+ 40. Rf3 Qg5+ 0-1

[Event "BCF-chT2 0708 (4NCL)"]
[Site "Sunningdale"]
[Date "2007.11.10"]
[Round "3.3"]
[White "Shaw, David A"]
[Black "Richardson, Keith Bevin"]
[Result "1-0"]
[WhiteElo "2219"]
[BlackElo "2239"]
[PlyCount "95"]
[EventDate "2007.09.15"]
[EventType "team-tourn"]
[EventRounds "11"]
[EventCountry "ENG"]
[SourceTitle "EXT 2023"]
[Source "ChessBase"]
[SourceDate "2022.10.05"]
[SourceVersion "1"]
[SourceVersionDate "2022.10.05"]
[SourceQuality "1"]
[WhiteTeam "Oxford"]
[BlackTeam "Guildford III"]
[WhiteTeamCountry "ENG"]
[BlackTeamCountry "ENG"]

1. e4 g6 2. d4 Bg7 3. Nc3 d6 4. Be3 a6 5. a4 Nf6 6. f3 0-0 7. Qd2 e5 8. Bc4 exd4 9. Bxd4 Nc6 10. Be3 Ne5 11. Bb3 Be6 12. Nd5 Nxd5 13. exd5 Bd7 14. 0-0-0 a5 15. Bd4 b5 16. axb5 Bxb5 17. Ne2 a4 18. Ba2 Re8 19. Nc3 Qd7 20. Kb1 a3 21. b3 f5 22. Rhe1 Ba6 23. Ne2 Bxe2 24. Rxe2 Rab8 25. Qc3 c5 26. dxc6 Nxc6 27. Rxe8+ Rxe8 28. Bxg7 Qxg7 29. b4+ Kf8 30. Qxa3 Rb8 31. c3 Qf6 32. Qb3 Kg7 33. Re1 Ne5 34. Qa3 Rc8 35. Qa7+ Kh6 36. Rc1 Nc4 37. Bxc4 Rxc4 38. Qe3+ f4 39. Qd3 d5 40. Rc2 Qc6 41. Kb2 Qb5 42. Qd2 d4 43. Qxf4+ Kg7 44. Qd6 Qf5 45. Qe7+ Kg8 46. f4 Qd3 47. Qe2 dxc3+ 48. Kb3 1-0

[Event "Barcelona Sants op 09th"]
[Site "Barcelona"]
[Date "2007.08.27"]
[Round "4"]
[White "Shaw, David A"]
[Black "Vydeslaver, Alik"]
[Result "1/2-1/2"]
[WhiteElo "2219"]
[BlackElo "2404"]
[PlyCount "32"]
[EventDate "2007.08.24"]
[EventType "swiss"]
[EventRounds "10"]
[EventCountry "ESP"]
[SourceTitle "CBM 120 Extra"]
[Source "ChessBase"]
[SourceDate "2007.11.01"]
[SourceVersion "1"]
[SourceVersionDate "2007.11.01"]
[SourceQuality "1"]

1. e4 c5 2. Nf3 d6 3. d4 cxd4 4. Nxd4 Nf6 5. Nc3 Nc6 6. f3 e5 7. Nb3 Be7 8. Be3 a5 9. a4 0-0 10. Nd5 Nxd5 11. exd5 Nb8 12. Qd2 Nd7 13. Bb5 b6 14. 0-0 Nc5 15. Nxc5 bxc5 16. f4 exf4 1/2-1/2

[Event "BCF-chT4 0607 (4NCL)"]
[Site "Sunningdale"]
[Date "2006.09.23"]
[Round "1.1"]
[White "Poobalasingam, Peter"]
[Black "Shaw, David A"]
[Result "1/2-1/2"]
[WhiteElo "2068"]
[BlackElo "2201"]
[PlyCount "173"]
[EventDate "2006.09.16"]
[EventType "team"]
[EventRounds "11"]
[EventCountry "ENG"]
[SourceTitle "CBM 115 Extra"]
[Source "ChessBase"]
[SourceDate "2007.01.10"]
[SourceVersion "1"]
[SourceVersionDate "2007.01.10"]
[SourceQuality "1"]
[WhiteTeam "London Mstrs"]
[BlackTeam "Oxford II"]
[WhiteTeamCountry "ENG"]
[BlackTeamCountry "ENG"]

1. d4 e6 2. c4 f5 3. Nf3 Nf6 4. g3 d5 5. Bg2 c6 6. 0-0 Bd6 7. b3 Qe7 8. Bb2 Nbd7 9. Qc1 0-0 10. Ba3 c5 11. Nc3 cxd4 12. Bxd6 Qxd6 13. Nb5 Qb6 14. Nbxd4 Ne4 15. b4 e5 16. c5 Qxb4 17. Ne6 Rf6 18. Nc7 Rb8 19. Nxd5 Qxc5 20. Nxf6+ gxf6 21. Bh3 Nc3 22. Qd2 Nb6 23. Nh4 f4 24. Bxc8 Rxc8 25. gxf4 Qd4 26. Qxd4 Nxe2+ 27. Kh1 exd4 28. Rad1 Nd5 29. Nf5 Rc4 30. Rd2 Ndxf4 31. Ne3 Rc5 32. Ng2 d3 33. Nxf4 Nxf4 34. h4 Kf7 35. Re1 Rh5 36. Kh2 Kg6 37. Kg3 Ne2+ 38. Kf3 Rf5+ 39. Kg2 Rh5 40. Kf1 Nf4 41. Re4 Rxh4 42. f3 Rh1+ 43. Kf2 Rh2+ 44. Ke3 Nd5+ 45. Kxd3 Rh3 46. Kd4 Nb4 47. Ke3 Nc6 48. Rd6 Rh2 49. Rf4 Ne7 50. Rdxf6+ Kg5 51. Kd3 Rxa2 52. Rf7 Ng6 53. R4f5+ Kh6 54. Rxb7 a5 55. Ra7 Ra3+ 56. Ke2 a4 57. f4 Ra2+ 58. Ke3 Ra3+ 59. Ke4 Ra1 60. Rff7 Kh5 61. f5 Re1+ 62. Kd4 Ne5 63. Rxh7+ Kg5 64. Rxa4 Nf3+ 65. Kc5 Re5+ 66. Kd6 Rxf5 67. Rg7+ Kf6 68. Rg8 Ng5 69. Ra6 Kf7 70. Raa8 Kf6 71. Kc6 Rf1 72. Kb5 Nf7 73. Kb4 Rf5 74. Kc3 Rf4 75. Kd2 Rf5 76. Ke3 Re5+ 77. Kd4 Re1 78. Ra6+ Ke7 79. Rg3 Rd1+ 80. Rd3 Rxd3+ 81. Kxd3 Kd7 82. Kd4 Nd8 83. Kd5 Ke7 84. Ke4 Nf7 85. Kd5 Nd8 86. Rb6 Kd7 87. Ra6 1/2-1/2

[Event "BCF-chT2 0506 (4NCL)"]
[Site "Birmingham"]
[Date "2006.04.30"]
[Round "10.4"]
[White "Shaw, David A"]
[Black "Bisby, Daniel L"]
[Result "0-1"]
[WhiteElo "2200"]
[BlackElo "2274"]
[PlyCount "64"]
[EventDate "2005.10.22"]
[EventType "team"]
[EventRounds "11"]
[EventCountry "ENG"]
[SourceTitle "EXT 2007"]
[Source "ChessBase"]
[SourceDate "2006.11.23"]
[SourceVersion "1"]
[SourceVersionDate "2006.11.23"]
[SourceQuality "1"]
[WhiteTeam "Oxford"]
[BlackTeam "Richmond"]
[WhiteTeamCountry "ENG"]
[BlackTeamCountry "ENG"]

1. e4 c5 2. Nf3 Nc6 3. d4 cxd4 4. Nxd4 Nf6 5. Nc3 e5 6. Ndb5 d6 7. Bg5 a6 8. Na3 b5 9. Bxf6 gxf6 10. Nd5 f5 11. c3 Bg7 12. exf5 Bxf5 13. Nc2 0-0 14. Nce3 Be6 15. Bd3 f5 16. Bc2 Rb8 17. Qh5 Qd7 18. g4 e4 19. Nf4 Ne7 20. Nxe6 Qxe6 21. Bb3 d5 22. gxf5 Qe5 23. Rg1 Kh8 24. Rg3 b4 25. Ke2 bxc3 26. Rag1 Nxf5 27. Nxf5 Rxf5 28. Qh3 Qf4 29. bxc3 Qxf2+ 30. Kd1 e3 31. Kc1 Qd2+ 32. Kb1 Qd3+ 0-1

[Event "BCF-chT3 0405 (4NCL)"]
[Site "Telford"]
[Date "2005.05.29"]
[Round "10.5"]
[White "Shaw, David A"]
[Black "Bailey, Kevin J"]
[Result "1-0"]
[WhiteElo "2197"]
[BlackElo "2135"]
[PlyCount "47"]
[EventDate "2004.11.06"]
[EventType "team"]
[EventRounds "11"]
[EventCountry "ENG"]
[SourceTitle "EXT 2006"]
[Source "ChessBase"]
[SourceDate "2005.11.24"]
[SourceVersion "1"]
[SourceVersionDate "2005.11.24"]
[SourceQuality "1"]
[WhiteTeam "Oxford"]
[BlackTeam "Poisoned Pawns II"]
[WhiteTeamCountry "ENG"]
[BlackTeamCountry "ENG"]

1. e4 e5 2. Nf3 Nc6 3. Bc4 Nf6 4. Ng5 d5 5. exd5 Na5 6. Bb5+ c6 7. dxc6 bxc6 8. Be2 h6 9. Nf3 e4 10. Ne5 Bc5 11. 0-0 Qd6 12. Ng4 Bxg4 13. Bxg4 h5 14. Bh3 g5 15. d4 Rd8 16. Bxg5 Bxd4 17. Nc3 Qe5 18. Bxf6 Qxf6 19. Nxe4 Bxf2+ 20. Kh1 Qe7 21. Qf3 Bd4 22. Rae1 Kf8 23. Ng5 Qxg5 24. Qxf7# 1-0

[Event "Coventry op"]
[Site "Coventry"]
[Date "2005.03.26"]
[Round "5"]
[White "Conquest, Stuart"]
[Black "Shaw, David A"]
[Result "1-0"]
[WhiteElo "2513"]
[BlackElo "2197"]
[PlyCount "81"]
[EventDate "2005.03.24"]
[EventType "swiss"]
[EventRounds "9"]
[EventCountry "ENG"]
[SourceTitle "CBM 105 Extra"]
[Source "ChessBase"]
[SourceDate "2005.05.01"]
[SourceVersion "1"]
[SourceVersionDate "2005.05.01"]
[SourceQuality "1"]

1. d4 e6 2. c4 d5 3. Nc3 Nf6 4. cxd5 exd5 5. Bg5 Nbd7 6. e3 c6 7. Bd3 Be7 8. Qc2 0-0 9. Nge2 Re8 10. 0-0 Nf8 11. f3 Nh5 12. Bxe7 Qxe7 13. e4 dxe4 14. fxe4 Nf6 15. h3 Ng6 16. Rf2 Be6 17. Raf1 Rad8 18. Qc1 c5 19. d5 Ne5 20. Bb1 Bc8 21. Ng3 c4 22. Qe3 a6 23. Rxf6 gxf6 24. Nh5 Rd6 25. Qh6 Qf8 26. Nxf6+ Rxf6 27. Qxf6 Qg7 28. Qxg7+ Kxg7 29. Kf2 f6 30. Ke3 b5 31. Kd4 Bd7 32. Ne2 Kf7 33. Nf4 Rg8 34. Nh5 Rg6 35. Rf4 Rxg2 36. Rxf6+ Ke7 37. d6+ Ke8 38. Kxe5 Rg5+ 39. Kd4 Rxh5 40. e5 Bxh3 41. e6 1-0

[Event "Oxford University op 4th"]
[Site "Oxford"]
[Date "2004.04.25"]
[Round "5"]
[White "Wells, Peter K"]
[Black "Shaw, David A"]
[Result "1-0"]
[WhiteElo "2494"]
[BlackElo "2165"]
[PlyCount "83"]
[EventDate "2004.04.24"]
[EventType "swiss"]
[EventRounds "5"]
[EventCountry "ENG"]
[SourceTitle "EXT 2008"]
[Source "ChessBase"]
[SourceDate "2007.11.25"]
[SourceVersion "1"]
[SourceVersionDate "2007.11.25"]
[SourceQuality "1"]

1. d4 e6 2. e4 d5 3. Nd2 Nf6 4. e5 Nfd7 5. c3 c5 6. Bd3 Nc6 7. Ne2 Qb6 8. Nf3 cxd4 9. cxd4 Bb4+ 10. Bd2 Bxd2+ 11. Qxd2 Qb4 12. Rc1 Qxd2+ 13. Kxd2 Nb6 14. b3 Bd7 15. Nf4 Rc8 16. Bb1 0-0 17. Nd3 Ne7 18. Nc5 Bc6 19. Rc3 Nd7 20. Rhc1 Nxc5 21. Rxc5 Rfd8 22. Bd3 h6 23. b4 a6 24. g4 Kf8 25. h4 Bd7 26. h5 Nc6 27. a3 Ke7 28. Ke3 Be8 29. Nd2 Na7 30. f4 Rxc5 31. bxc5 Ba4 32. Rb1 Rd7 33. Nf3 Kd8 34. f5 Bb5 35. f6 gxf6 36. exf6 Bxd3 37. Kxd3 Nc6 38. g5 hxg5 39. h6 Kc7 40. Nxg5 Rd8 41. Nxf7 Rf8 42. h7 1-0

[Event "BCF-chT2 0304 (4NCL)"]
[Site "West Bromwich"]
[Date "2004.03.20"]
[Round "5.2"]
[White "Shaw, David A"]
[Black "Cobb, James"]
[Result "0-1"]
[WhiteElo "2165"]
[BlackElo "2321"]
[PlyCount "56"]
[EventDate "2003.11.17"]
[EventType "team"]
[EventRounds "11"]
[EventCountry "ENG"]
[SourceTitle "EXT 2005"]
[Source "ChessBase"]
[SourceDate "2004.11.15"]
[SourceVersion "1"]
[SourceVersionDate "2004.11.15"]
[SourceQuality "1"]
[WhiteTeam "Numerica 3CS II"]
[BlackTeam "SW Dragons"]
[WhiteTeamCountry "ENG"]
[BlackTeamCountry "ENG"]

1. e4 e5 2. Nf3 Nc6 3. Bb5 a6 4. Bxc6 dxc6 5. d4 exd4 6. Qxd4 Qxd4 7. Nxd4 Bd7 8. Be3 0-0-0 9. Nd2 c5 10. Ne2 b6 11. 0-0-0 Ne7 12. f3 h6 13. Nf1 f5 14. Nfg3 fxe4 15. Nxe4 Nf5 16. Bf4 Be7 17. N2g3 Nh4 18. Be5 Nxg2 19. Bxg7 Rh7 20. Be5 Rf7 21. Rd3 Rdf8 22. Rg1 Nf4 23. Rd2 Ng6 24. Bc3 Nh4 25. Rf2 Nxf3 26. Rd1 Bc6 27. Kb1 h5 28. Nd2 h4 0-1